| 000 | 00367nam a2200145Ia 4500 | ||
|---|---|---|---|
| 005 | 20251222141952.0 | ||
| 008 | 251222s9999||||xx |||||||||||||| ||spa|| | ||
| 020 | _a978-84-96611-59-7 | ||
| 082 | _a239.4/D68 | ||
| 100 | _aDíaz, Carlos | ||
| 245 | 0 | _aDiez Palabras Clave para Leer el Credo | |
| 250 | _a4a.ed. | ||
| 264 | _bFundación Emmanuel Mounier | ||
| 942 | _cLIB | ||
| 999 |
_c9725 _d9725 |
||